| 000 | 00561cam a22001932 4500 | ||
|---|---|---|---|
| 001 | 0000009746 | ||
| 005 | 20151217155843.0 | ||
| 008 | 081125s xx 000 0 eng d | ||
| 040 |
_aKABU _cKABU |
||
| 100 | 1 |
_aKirkman, James. _@0000148736 |
|
| 245 | 1 | 0 |
_aFort Jesus Mombasa / _cJames Kirkman. |
| 250 | _a5th ed. | ||
| 260 |
_aMombasa, Kenya : _bRodwell Press, _c1970. |
||
| 300 | _a25 p. | ||
| 651 | 0 |
_aFort Jesus, Mombasa (Kenya) _@0000161514 |
|
| 852 | 1 | _9p100 KES | |
| 908 | _a081125 | ||
| 950 | _@1 | ||
| 999 |
_c13264 _d13264 |
||